[Event "Marshall CC-ch"]
[Site "New York"]
[Date "1983.??.??"]
[Round "6"]
[White "Ghica, Renato"]
[Black "McKelvie, N."]
[Result "1-0"]
[WhiteElo "2220"]
[BlackElo "2370"]

1.c4 g6 2.Nc3 Bg7 3.d4 Nf6 4.e4 d6 5.Be2 O-O 6.Nf3 e5 7.Be3 Nc6 8.d5 Ne7
9.Nd2 c5 10.g4 Qd7 11.Rg1 Ne8 12.g5 a6 13.a3 Qc7 14.b4 Bd7 15.Qb3 f5 16.gxf6 Nxf6
17.bxc5 dxc5 18.Rb1 Rfb8 19.Qb6 Qxb6 20.Rxb6 Nc8 21.Rb2 Bf8 22.Nb3 b6 23.Kd2 Bd6
24.a4 Ra7 25.Rgb1 Rc7 26.Nc1 Ra8 27.Nd3 Bg4 28.f3 Bh5 29.Ra2 Raa7 30.a5 Nd7
31.Ne1 Kf7 32.axb6 Ncxb6 33.Rba1 Nb8 34.Nb5 Ke7 35.Bg5+ Kd7 36.Bf1 Bf8 37.Bh3+ Ke8
38.Rxa6 Nxa6 39.Rxa6 Nxc4+ 40.Kc3 Nd6 41.Nxc7+ Rxc7 42.Be6 Ra7 43.Rxa7 Nb5+
44.Kc4 Nxa7 45.Be3 Bd6 46.Bxc5 Bb8 47.d6 Nc6 48.Kd5 Na5 49.Bc8 g5 50.Bb6 Bf7+
51.Be6  1-0

[Event "SVK-ch"]
[Site "Nova Bana"]
[Date "1983.??.??"]
[Round "4"]
[White "Veselsky, Jozef"]
[Black "Kalisky, Vladimir"]
[Result "1-0"]
[WhiteElo "2200"]
[BlackElo "2200"]

1.d4 Nf6 2.Nf3 g6 3.c4 Bg7 4.Nc3 O-O 5.e4 d6 6.Be2 e5 7.dxe5 dxe5 8.Bg5 Qxd1+
9.Rxd1 Re8 10.Nb5 Na6 11.Bxf6 Bxf6 12.O-O Be6 13.a3 Rec8 14.b4 Nb8 15.Nc3 c6
16.Na4 Nd7 17.Rd2 Rc7 18.Rfd1 Be7 19.Ne1 a5 20.b5 cxb5 21.cxb5 Rac8 22.Ra1 Rc1
23.Rd1 Rxd1 24.Bxd1 Bg5 25.Nb2 Nc5 26.Nbd3 Nxe4 27.Nxe5 Bf6 28.f4 Bd8 29.N1d3 Bb6+
30.Kf1 g5 31.g3 gxf4 32.gxf4 f6 33.Nf3 Nc3 34.Nde1 Nxd1 35.Rxd1 Bc4+ 36.Kg2 Re8
37.Rc1 Re2+ 38.Kg3 Bf2+ 39.Kg4 Be6+ 40.Kh5 Bf7+ 41.Kh6 Bb6 42.Nd3 Bg6 43.Rc8+ Re8
44.Rc3 Bd8 45.Nc5 Bc7 46.Ne6 Bb8 47.Nfd4 Kf7 48.f5 Bxf5 49.Nxf5 Rxe6 50.Rd3 Re5
51.Rd7+ Ke6 52.Rxb7 Kxf5 53.Rxb8 Kg4 54.b6 Rb5 55.Kxh7 f5 56.b7  1-0

[Event "Nordic-tt"]
[Site "Oslo"]
[Date "1983.??.??"]
[Round "?"]
[White "Ostenstad, Berge"]
[Black "Thorsteins, Karl"]
[Result "1-0"]
[WhiteElo "2260"]
[BlackElo "2270"]

1.d4 Nf6 2.c4 g6 3.Nc3 Bg7 4.e4 d6 5.Nf3 O-O 6.Be2 e5 7.O-O Nbd7 8.Re1 h6
9.Rb1 Nh7 10.dxe5 dxe5 11.b4 f5 12.c5 f4 13.Qd5+ Kh8 14.c6 bxc6 15.Qxc6 Rb8
16.Rd1 Nhf6 17.Qa4 Qe8 18.Ba3 Bb7 19.Bb5 c6 20.Ba6 Bxa6 21.Qxa6 g5 22.b5 c5
23.h3 Qg6 24.Rxd7 Rb6 25.Qxa7 Nxd7 26.Qxd7 Rd6 27.Qg4 Rd3 28.Bxc5 Rxc3 29.Bxf8 Bxf8
30.Qd7 Qxe4 31.Re1 Rd3 32.Qe8 Qb4 33.Qxe5+ Bg7 34.Qe8+ Kh7 35.Nxg5+ hxg5
36.Qh5+ Bh6 37.Qf7+  1-0

[Event "Bayern-ch"]
[Site "Pang"]
[Date "1983.??.??"]
[Round "?"]
[White "Backwinkel, Paul"]
[Black "Kestler, Hans Guenther"]
[Result "0-1"]
[WhiteElo "2330"]
[BlackElo "2405"]

1.d4 Nf6 2.c4 g6 3.Nc3 Bg7 4.e4 O-O 5.Nf3 d6 6.Be2 e5 7.O-O Nbd7 8.Be3 Ng4
9.Bg5 f6 10.Bh4 Nh6 11.d5 Nf7 12.Nd2 a5 13.a3 Bh6 14.b3 Nc5 15.Rb1 Ng5 16.f3 f5
17.Bf2 fxe4 18.fxe4 Bd7 19.Kh1 Qe7 20.Bg1 Rf4 21.Qc2 Rxf1 22.Bxf1 Be8 23.b4 axb4
24.axb4 Nd7 25.Nb3 Nf6 26.Na5 b6 27.Nc6 Bxc6 28.dxc6 Ne6 29.Nd5 Nxd5 30.exd5 Nd4
31.Qe4 Rf8 32.Bxd4 Rf4 33.Qe2 Rxd4 34.Qf3 Kg7 35.Qh3 e4 36.Be2 Rd2 37.Qg4 Bg5
38.Re1 h5 39.Qc8 Bf6 40.g3 e3 41.Bf3 Rf2  0-1

[Event "BUL-ch"]
[Site "Pernik"]
[Date "1983.??.??"]
[Round "6"]
[White "Popov, Luben"]
[Black "Georgiev, Krum"]
[Result "1/2-1/2"]
[WhiteElo "2420"]
[BlackElo "2450"]

1.d4 Nf6 2.c4 g6 3.Nc3 Bg7 4.e4 O-O 5.Nf3 d6 6.Be2 e5 7.dxe5 dxe5 8.Qxd8 Rxd8
9.Bg5 Re8 10.h3 c6 11.O-O Nbd7 12.b4 a5 13.a3 Nf8 14.c5 Ne6 15.Be3  1/2-1/2

[Event "BUL-ch"]
[Site "Pernik"]
[Date "1983.??.??"]
[Round "8"]
[White "Danailov, Silvio"]
[Black "Georgiev, Kiril"]
[Result "0-1"]
[WhiteElo "2345"]
[BlackElo "2420"]

1.Nf3 Nf6 2.c4 g6 3.Nc3 Bg7 4.e4 O-O 5.d4 d6 6.Be2 e5 7.O-O Nbd7 8.Qc2 h6
9.Rd1 Qe7 10.dxe5 Nxe5 11.Nxe5 Qxe5 12.Be3 Bd7 13.f3 Rfc8 14.Bf1 Kh7 15.Qf2 c5
16.Rd2 Bc6 17.Rad1 Ne8 18.Nb5 Bf8 19.Qh4 a6 20.Nc3 Rab8 21.Bf4 Qe6 22.Nd5 b5
23.Qf2 Bg7 24.Be3 Bxd5 25.Rxd5 bxc4 26.Bxc4 Rxb2 27.Qh4 Rb4 28.Bxa6 Ra8 29.Bf1 Rxa2
30.Qe1 Raa4 31.Qf2 Qe7 32.h4 h5 33.Kh1 Be5 34.f4 Bd4 35.Bxd4 Rxd4 36.R1xd4 Rxd4
37.Rxd4 cxd4 38.Bd3 Qa7 39.e5 dxe5 40.fxe5 Ng7 41.Kh2 Qd7 42.Qf4 Kg8 43.Qf6 Ne6
44.Kg1 Qd5 45.Kf2 Nc5 46.Bxg6 fxg6 47.Qxg6+ Kf8 48.Qxh5 Ne4+ 49.Ke1 Qa5+  0-1

[Event "BUL-ch"]
[Site "Pernik"]
[Date "1983.??.??"]
[Round "8"]
[White "Kolev, Atanas"]
[Black "Donchev, Dimitar I"]
[Result "0-1"]
[WhiteElo "2200"]
[BlackElo "2455"]

1.d4 Nf6 2.c4 d6 3.Nc3 Nbd7 4.e4 e5 5.Nf3 g6 6.Be2 Bg7 7.O-O O-O 8.Re1 c6
9.Bf1 a6 10.d5 c5 11.a3 Ne8 12.b4 h6 13.Nd2 f5 14.Nb3 b6 15.Rb1 Ndf6 16.Bd3 f4
17.bxc5 bxc5 18.Bd2 f3 19.g3 Ng4 20.Bf1 h5 21.h3 h4 22.hxg4 hxg3 23.g5 Qd7
24.fxg3 f2+ 25.Kh2 Bh8  0-1

[Event "EU-chT Plovdiv"]
[Site "Plovdiv"]
[Date "1983.??.??"]
[Round "2"]
[White "Pinter, Jozsef"]
[Black "Mestel, A Jonathan"]
[Result "0-1"]
[WhiteElo "2535"]
[BlackElo "2505"]

1.d4 Nf6 2.c4 g6 3.Nc3 Bg7 4.e4 d6 5.Be2 O-O 6.Nf3 Nbd7 7.O-O e5 8.Be3 h6
9.dxe5 dxe5 10.Nd2 Nh7 11.c5 Ng5 12.b4 f5 13.f3 f4 14.Bf2 Ne6 15.Bc4 Nf6
16.Nb3 Qe8 17.b5 Kh8 18.b6 c6 19.Qd6 a5 20.a4 g5 21.Rad1 g4 22.Bh4 Ng5 23.Bxg5 hxg5
24.Rd3 gxf3 25.Rfxf3 g4 26.Rf1 Nh7 27.Nd2 Ng5 28.Qc7 Ne6 29.Bxe6 Bxe6 30.Rd1 Rf7
31.Nc4 Rxc7 32.bxc7 Bxc4 33.Rd8 Bf6 34.Rxe8+ Rxe8 35.Nd5 cxd5 36.exd5 Rc8
37.d6 Be6 38.Rb1 e4  0-1

[Event "EU-chT Plovdiv"]
[Site "Plovdiv"]
[Date "1983.??.??"]
[Round "2"]
[White "Gligoric, Svetozar"]
[Black "Tringov, Georgi P"]
[Result "1-0"]
[WhiteElo "2510"]
[BlackElo "2455"]

1.d4 Nf6 2.c4 g6 3.Nc3 Bg7 4.e4 d6 5.Nf3 O-O 6.Be2 e5 7.Be3 Nc6 8.d5 Ne7
9.Nd2 Ne8 10.O-O f5 11.f3 f4 12.Bf2 g5 13.c5 Rf7 14.Nc4 Ng6 15.cxd6 cxd6
16.Nb5 b6 17.a4 Bf8 18.a5 Bd7 19.Qb3 bxa5 20.Nxa5 g4 21.fxg4 Qg5 22.Nc6 Rg7
23.Bxa7 Nf6 24.Nc7 Bxg4 25.Bxg4 Qxg4 26.h3 Qh5 27.Ne6 Nxe4 28.Nxg7 Bxg7 29.Qf3 Qxf3
30.gxf3 Ng5 31.b4 e4 32.fxe4 Bxa1 33.Rxa1 Nxe4 34.b5 Nc5 35.Re1 Nb7 36.Bd4 Kf7
37.Kf2 Ra3 38.Ra1 Rxa1 39.Bxa1 Ne7 40.Nxe7 Kxe7 41.Kf3 Nc5 42.Kxf4  1-0

[Event "EU-chT Plovdiv"]
[Site "Plovdiv"]
[Date "1983.??.??"]
[Round "5"]
[White "Gruen, Peter"]
[Black "Hebden, Mark"]
[Result "1-0"]
[WhiteElo "2290"]
[BlackElo "2435"]

1.d4 Nf6 2.Nf3 g6 3.c4 Bg7 4.Nc3 d6 5.e4 O-O 6.Be2 e5 7.Be3 Ng4 8.Bg5 f6
9.Bh4 Nc6 10.d5 Ne7 11.Nd2 Nh6 12.f3 Nf7 13.b4 c5 14.a3 b6 15.O-O f5 16.exf5 gxf5
17.Qc2 Bh6 18.Bd3 Ng5 19.f4 exf4 20.Nf3 Ng6 21.Bxg5 Bxg5 22.Nxg5 Qxg5 23.Nb5 Bd7
24.Nxd6 f3 25.Rae1 Nh4 26.g3 Ng2 27.Rb1 Rf6 28.bxc5 bxc5 29.Nb7 Qe3+ 30.Qf2 f4
31.Nxc5 Bg4 32.gxf4 Qxf4 33.Ne4 Rf7 34.Qg3 h5 35.Qxf4 Nxf4 36.Nf2 Rg7 37.Kh1 Nxd3
38.Nxd3 Bh3 39.Rf2 Bf5 40.Rd1 Re8 41.Nf4 h4 42.d6 Kh8 43.c5 Rg4 44.Nd5 Rd4
45.Rff1 Rxd1 46.Rxd1 f2 47.Kg2 Re1 48.Kxf2 Rxd1 49.Ne3 Rc1 50.Nxf5 Rxc5 51.Ne7 Rc3
52.Ke2 Rc4 53.Ke3 Rc1 54.Ke4 Kg7 55.d7 Re1+ 56.Kf5  1-0

[Event "EU-chT Plovdiv"]
[Site "Plovdiv"]
[Date "1983.??.??"]
[Round "6"]
[White "Ligterink, Gert"]
[Black "Ermenkov, Evgenij"]
[Result "1-0"]
[WhiteElo "2440"]
[BlackElo "2455"]

1.d4 Nf6 2.Nf3 g6 3.c4 Bg7 4.Nc3 O-O 5.e4 d6 6.Be2 e5 7.Be3 Ng4 8.Bg5 f6
9.Bh4 Nc6 10.d5 Ne7 11.Nd2 Nh6 12.b4 f5 13.f3 Bf6 14.Bf2 Bg5 15.O-O Bxd2
16.Qxd2 f4 17.g4 g5 18.h4 Rf7 19.hxg5 Nxg4 20.fxg4 Ng6 21.Qd3 f3 22.Be3 Qd7
23.Bxf3 Rxf3 24.Rxf3 Qxg4+ 25.Kf2 Qh4+ 26.Kg2 Bg4 27.Rg3 Nf4+ 28.Bxf4 exf4
29.Rh3 Qxg5 30.Kf2 Rf8 31.Rg1 Rf6 32.Qf3 h5  1-0

[Event "Rubinstein mem"]
[Site "Polanica Zdroj"]
[Date "1983.??.??"]
[Round "1"]
[White "Stempin, Pawel"]
[Black "Lechtynsky, Jiri"]
[Result "0-1"]
[WhiteElo "2380"]
[BlackElo "2475"]

1.d4 Nf6 2.c4 g6 3.Nc3 Bg7 4.e4 O-O 5.Nf3 d6 6.Be2 e5 7.Be3 Nc6 8.d5 Ne7
9.Nd2 Nd7 10.b4 f5 11.f3 a5 12.bxa5 Rxa5 13.Nb3 Ra8 14.c5 Nf6 15.a4 Kh8 16.g4 Bd7
17.h4 fxg4 18.fxg4 Ne8 19.a5 dxc5 20.Nxc5 Bc8 21.Nb3 Nd6 22.g5 Bd7 23.Ra2 Qc8
24.h5 gxh5 25.Bxh5 b6 26.Rah2 Kg8 27.Be2 Ng6 28.Rxh7 Nf4 29.Kd2 Qe8 30.Qg1 Qg6
31.Bd3 Nxd3 32.Kxd3 Nxe4 33.Nxe4 Bb5+ 34.Kc3 Qxe4 35.g6 Rf3 36.R1h3 Rf1 37.Qg3 Qd3+
38.Kb2 Rb1+  0-1

[Event "Rubinstein mem"]
[Site "Polanica Zdroj"]
[Date "1983.??.??"]
[Round "4"]
[White "Farago, Ivan"]
[Black "Szymczak, Zbigniew"]
[Result "1/2-1/2"]
[WhiteElo "2495"]
[BlackElo "2420"]

1.d4 Nf6 2.c4 g6 3.Nc3 Bg7 4.e4 d6 5.Be2 O-O 6.Nf3 e5 7.O-O Nbd7 8.Be3 c6
9.d5 cxd5 10.cxd5 Ng4 11.Bg5 f6 12.Bh4 Nh6 13.Nd2 g5 14.Bg3 f5 15.f3 Nf6
16.Bf2 g4 17.exf5 gxf3 18.Bxf3 Bxf5 19.h3 Qe8 20.Nde4 Qg6 21.Ng3  1/2-1/2

[Event "Rubinstein mem"]
[Site "Polanica Zdroj"]
[Date "1983.??.??"]
[Round "8"]
[White "Farago, Ivan"]
[Black "Flis, Jacek"]
[Result "1/2-1/2"]
[WhiteElo "2495"]
[BlackElo "2410"]

1.d4 Nf6 2.c4 d6 3.Nc3 Nbd7 4.e4 e5 5.Nf3 g6 6.Be2 Bg7 7.O-O O-O 8.Be3 exd4
9.Nxd4 Re8 10.f3 c6 11.Nc2 Ne5 12.Bf2 Be6 13.Ne3 Bh6 14.b3 Qa5 15.Qe1 Nh5
16.g3 Bh3 17.Ng2 f5 18.f4 Ng4 19.Bxg4 Bxg4 20.Qd2 fxe4 21.Rfe1 Bg7 22.Bd4 Bf5
23.Bxg7 Nxg7 24.Nxe4 Qxd2 25.Nxd2 d5 26.cxd5 cxd5 27.Ne3 d4 28.Nd5 Re6 29.Nf3 Rd8
30.Ne7+ Kf8 31.Nxf5 Rxe1+ 32.Rxe1 Nxf5 33.Rc1 Ke7 34.Kf2 Kd6 35.g4 Ne3 36.Nxd4 Nxg4+
37.Kf3 Nf6 38.Nb5+ Ke6 39.Rc7 a6 40.Nc3 Rd3+ 41.Kg2 Rd2+ 42.Kg1 Rc2 43.Rc5 Nd5
44.Rxd5 Rxc3 45.Re5+ Kf6 46.Kf2 b5 47.Re3 Rc1 48.Kf3 Rf1+ 49.Kg3 Ra1 50.Re2 Kf5
51.Re5+ Kf6 52.Re2  1/2-1/2

[Event "Rubinstein mem"]
[Site "Polanica Zdroj"]
[Date "1983.??.??"]
[Round "12"]
[White "Stempin, Pawel"]
[Black "Flis, Jacek"]
[Result "1/2-1/2"]
[WhiteElo "2380"]
[BlackElo "2410"]

1.d4 Nf6 2.c4 d6 3.Nc3 Nbd7 4.Nf3 g6 5.e4 e5 6.Be2 Bg7 7.O-O O-O 8.Be3 exd4
9.Nxd4 Re8 10.f3 c6 11.Qd2 d5 12.exd5 cxd5 13.Rad1 Qe7 14.Bf2 dxc4 15.Bxc4 Ne5
16.Bb3 Bd7 17.Rfe1 Qf8 18.Ndb5 Rad8 19.Qd6 Bxb5 20.Qxf8+ Bxf8 21.Rxd8 Rxd8
22.Rxe5 Bc6 23.Re2 a6  1/2-1/2

[Event "Poznan"]
[Site "Poznan"]
[Date "1983.??.??"]
[Round "4"]
[White "Santos, Luis"]
[Black "Bielczyk, Jacek"]
[Result "1/2-1/2"]
[WhiteElo "2365"]
[BlackElo "2395"]

1.c4 Nf6 2.Nf3 d6 3.d4 g6 4.Nc3 Nbd7 5.e4 e5 6.Be2 Bg7 7.O-O O-O 8.Re1 c6
9.Rb1 Re8 10.d5 Nc5 11.Bd3 a5 12.Bc2 Bd7 13.Na4 Nxa4 14.Bxa4 b5 15.dxc6 Bxc6
16.Bxb5 Bxe4 17.Rxe4 Nxe4 18.Bxe8 Qxe8 19.Ng5 Nf6 20.b3 Rd8 21.Qe1 d5 22.cxd5 Rxd5
23.Bb2 h6 24.Nf3 e4 25.Nd2 Qd7 26.Nc4 Rg5 27.Rd1 Qh3 28.Ne3 Qh5 29.Rd8+ Kh7
30.Qa1 Qh4 31.g3 Qf4 32.Qc1  1/2-1/2

[Event "Poznan"]
[Site "Poznan"]
[Date "1983.??.??"]
[Round "5"]
[White "Stempin, Pawel"]
[Black "Lanc, Alois"]
[Result "1/2-1/2"]
[WhiteElo "2380"]
[BlackElo "2410"]

1.d4 Nf6 2.c4 g6 3.Nc3 Bg7 4.e4 d6 5.Be2 O-O 6.Nf3 Nbd7 7.O-O e5 8.Be3 Qe7
9.Qc2 c6 10.Rad1 exd4 11.Nxd4 Re8 12.f3 d5 13.cxd5 cxd5 14.Ndb5 dxe4 15.fxe4 Ne5
16.Rxf6 Qxf6 17.Nc7 Bg4 18.Nxe8 Rxe8 19.Bxa7 Bxe2 20.Qxe2 Nc6 21.Bc5 Qe6
22.Qb5 Bxc3 23.bxc3 Qxe4 24.Qxb7 Rb8 25.Qa6 h5 26.Rf1 Qd5 27.Bb6 Ne5 28.Bd4 Ra8
29.Qf6  1/2-1/2

[Event "Rome"]
[Site "Rome"]
[Date "1983.??.??"]
[Round "?"]
[White "Gheorghiu, Florin"]
[Black "Martin Gonzalez, Angel"]
[Result "1-0"]
[WhiteElo "2495"]
[BlackElo "2410"]

1.Nf3 Nf6 2.c4 g6 3.Nc3 Bg7 4.e4 O-O 5.d4 d6 6.Be2 e5 7.Be3 Nbd7 8.d5 Nc5
9.Nd2 a5 10.a3 Nh5 11.Bxh5 gxh5 12.Bxc5 dxc5 13.Qxh5 f5 14.exf5 Bxf5 15.Nde4 Ra6
16.Qe2 Qh4 17.g3 Qh3 18.f3 Bh6 19.Rf1 Bg6 20.Rf2 Bh5 21.Rd1 Rf7 22.Nxc5 Raf6
23.Rd3  1-0

[Event "Sarajevo"]
[Site "Sarajevo"]
[Date "1983.??.??"]
[Round "?"]
[White "Gligoric, Svetozar"]
[Black "Ivanovic, Bozidar"]
[Result "1/2-1/2"]
[WhiteElo "2510"]
[BlackElo "2480"]

1.d4 Nf6 2.c4 g6 3.Nc3 d6 4.e4 Nbd7 5.Nf3 e5 6.Be2 Bg7 7.O-O O-O 8.Be3 exd4
9.Nxd4 Nc5 10.f3 a5 11.Qd2 Re8 12.Rad1 Bd7 13.Rfe1 a4 14.Bf1 Qb8 15.Ncb5  1/2-1/2

[Event "BCF-ch"]
[Site "Southport"]
[Date "1983.??.??"]
[Round "2"]
[White "Flear, Glenn C"]
[Black "Hebden, Mark"]
[Result "0-1"]
[WhiteElo "2380"]
[BlackElo "2495"]

1.Nf3 Nf6 2.c4 g6 3.Nc3 Bg7 4.e4 d6 5.d4 O-O 6.Be2 e5 7.Be3 Ng4 8.Bg5 f6
9.Bh4 Nc6 10.d5 Ne7 11.Nd2 Nh6 12.f3 g5 13.Bf2 f5 14.b4 Ng6 15.c5 g4 16.Nc4 gxf3
17.gxf3 fxe4 18.Nxe4 Nf5 19.cxd6 cxd6 20.Qa4 Nf4 21.Nb6 Nd4 22.Nxa8 Nfxe2
23.Qxa7 Bh3 24.Qxb7 Qxa8 25.Qxa8 Rxa8 26.Bxd4 Nxd4 27.Nxd6 e4 28.Kf2  0-1

[Event "BCF-ch"]
[Site "Southport"]
[Date "1983.??.??"]
[Round "5"]
[White "Flear, Glenn C"]
[Black "Britton, Richard"]
[Result "1/2-1/2"]
[WhiteElo "2380"]
[BlackElo "2325"]

1.Nf3 Nf6 2.c4 g6 3.Nc3 Bg7 4.d4 O-O 5.e4 d6 6.Be2 e5 7.Be3 Nc6 8.d5 Ne7
9.Nd2 Nd7 10.b4 f5 11.f3 c6 12.O-O Nf6 13.Rc1 Kh8 14.Nb3 f4 15.Bf2 g5 16.dxc6 bxc6
17.Qd2 g4 18.Rfd1 g3 19.hxg3 fxg3 20.Bxg3 Qe8 21.Qxd6 Ng6 22.Na5 Nh5 23.Bf2 Ngf4
24.Bf1 Be6 25.Nxc6 Qg6 26.g4 Qg5 27.Nxe5 Rad8 28.Qc5 Bxe5 29.Rxd8 Rxd8 30.Rd1 Rxd1
31.Nxd1 Nf6 32.Ne3 Nd7 33.Qc8+ Kg7 34.Nf5+ Bxf5 35.exf5 Qe7 36.c5 Nf8 37.c6 Bd6
38.Bd4+ Kh6 39.f6 Nh3+ 40.Bxh3 Qe1+  1/2-1/2

[Event "BCF-ch"]
[Site "Southport"]
[Date "1983.??.??"]
[Round "7"]
[White "Knott, Simon JB"]
[Black "Watson, Ian R"]
[Result "1-0"]
[WhiteElo "2250"]
[BlackElo "2205"]

1.c4 Nf6 2.Nc3 g6 3.Nf3 Bg7 4.e4 d6 5.d4 O-O 6.Be2 e5 7.O-O Nbd7 8.d5 Nc5
9.Qc2 a5 10.Bg5 h6 11.Be3 Ne8 12.Nd2 f5 13.exf5 gxf5 14.f4 e4 15.Nb3 Nxb3
16.Qxb3 Kh7 17.g4 Qh4 18.Kh1 Nf6 19.g5 hxg5 20.fxg5 Nh5 21.Bxh5 Qxh5 22.Qd1 Qxd1
23.Raxd1 f4 24.Rxf4 Rxf4 25.Bxf4 Bg4 26.Re1 Rf8 27.Be3 Bxc3 28.bxc3 b6 29.Kg2 Kg6
30.Kg3 Bh5 31.Bf4 Bf3 32.h4 Rf7 33.Rb1 Bh5 34.Re1 Bf3 35.Bd2 Kh5 36.Rf1 Kg6
37.Bf4 Be2 38.Rf2 Bf3 39.Rb2 Bh5 40.Rf2 Bf3 41.a3 Bh5 42.c5 bxc5 43.c4 a4
44.Bd2 Rf3+ 45.Rxf3 exf3 46.Ba5 Kf5 47.g6 Bxg6 48.Kxf3 Ke5 49.Ke3 Bh5 50.Bxc7 Bd1
51.Bd8 Bb3 52.Kd3 Bd1 53.Be7 Bh5 54.Ke3 Bd1 55.Bg5 Bb3 56.h5 Kf5 57.h6 Kg6
58.Kd3 Ba2 59.Bf4 Bb1+ 60.Kc3 Ba2 61.Bxd6 Kxh6 62.Bxc5 Bb1 63.Kb4  1-0

[Event "BCF-ch"]
[Site "Southport"]
[Date "1983.??.??"]
[Round "9"]
[White "Jacobs, Byron A"]
[Black "Howell, James C"]
[Result "1-0"]
[WhiteElo "2255"]
[BlackElo "2280"]

1.d4 Nf6 2.Nf3 g6 3.c4 Bg7 4.Nc3 d6 5.e4 O-O 6.Be2 e5 7.d5 a5 8.Bg5 Na6 9.Nd2 h6
10.Bh4 Qe8 11.O-O Nh7 12.a3 h5 13.f3 Bh6 14.Bf2 Bd7 15.b3 Qe7 16.Qc2 f5 17.Rab1 f4
18.b4 g5 19.c5 g4 20.Nc4 axb4 21.axb4 Kh8 22.cxd6 cxd6 23.b5 g3 24.hxg3 fxg3
25.Bxg3 Rg8 26.Bh2 Bf4 27.Bxf4 exf4 28.Bd1 Nc5 29.Qf2 Qg7 30.Qd2 h4 31.Nxd6 h3
32.Rf2 Qf6 33.Nf5 Bxf5 34.exf5 Rg7 35.Ne2 hxg2 36.Nxf4 Qh6 37.Nxg2 Qd6 38.Rb4 Nd3
39.f6 Rxg2+ 40.Rxg2 Nxb4 41.f7 Nxd5 42.Qd4+ Nhf6 43.Bb3 Qb6 44.Rg8+ Kh7 45.Qxb6  1-0

[Event "Tatran Cup"]
[Site "Stary Smokovec"]
[Date "1983.??.??"]
[Round "11"]
[White "Cvetkovic, Srdjan"]
[Black "Lanc, Alois"]
[Result "1/2-1/2"]
[WhiteElo "2410"]
[BlackElo "2410"]

1.c4 g6 2.e4 Bg7 3.d4 d6 4.Nc3 Nd7 5.Nf3 e5 6.Be2 Ngf6 7.O-O O-O 8.Re1 h6
9.Rb1 Nh7 10.dxe5 dxe5 11.b4 f5 12.c5 Kh8 13.Qc2 f4 14.Nb5 a6 15.Na3 g5 16.h3 h5
17.Nh2 Qe8 18.Nc4 Qg6 19.Bb2 Re8 20.Qd1 Nhf6 21.Nf3 Ng8 22.Nh2  1/2-1/2

[Event "SWE-ch"]
[Site "?"]
[Date "1983.??.??"]
[Round "?"]
[White "Cramling, Dan"]
[Black "Marklund, Goran"]
[Result "1-0"]
[WhiteElo "2415"]
[BlackElo "2200"]

1.Nf3 Nf6 2.c4 g6 3.Nc3 Bg7 4.e4 d6 5.d4 O-O 6.Be3 e5 7.Be2 Ng4 8.Bg5 f6
9.Bh4 Nh6 10.dxe5 g5 11.Qd5+ Nf7 12.e6 Bxe6 13.Qxe6 gxh4 14.Nxh4 Nc6 15.Rd1 Nb4
16.Bh5 Nc2+ 17.Kf1 Qe8 18.Qg4 Qc6 19.Nf5 Qxc4+ 20.Kg1  1-0

[Event "SWE-ch"]
[Site "?"]
[Date "1983.??.??"]
[Round "?"]
[White "Cramling, Dan"]
[Black "Olsson, Tomas"]
[Result "1-0"]
[WhiteElo "2415"]
[BlackElo "2200"]

1.Nf3 Nf6 2.c4 g6 3.Nc3 Bg7 4.e4 d6 5.d4 O-O 6.Be3 e5 7.Be2 c6 8.d5 Ng4 9.Bg5 f6
10.Bh4 c5 11.a3 Na6 12.Nd2 Nh6 13.f3 Nf7 14.Bf2 Bh6 15.b4 f5 16.O-O b6 17.bxc5 Nxc5
18.Nb3 Kh8 19.a4 a5 20.Rb1 Rg8 21.Rb2 f4 22.Qb1 g5 23.h3 Bf8 24.Nxc5 bxc5
25.Rb8 Rxb8 26.Qxb8 h5 27.Nb5 g4 28.fxg4 Be7 29.Na7 Bh4 30.Nxc8 Bxf2+ 31.Rxf2 Qh4
32.Bf3 hxg4 33.hxg4 Kg7 34.Qb7 Rh8 35.Rf1 Kg6 36.Qd7 Qh2+ 37.Kf2 Qg3+ 38.Ke2 Rh2
39.Qf5+ Kg7 40.Ne7 Rxg2+ 41.Kd3 Rg1 42.Qg6+  1-0

[Event "SWE-ch"]
[Site "?"]
[Date "1983.??.??"]
[Round "?"]
[White "Schussler, Harry"]
[Black "Unander, Matts"]
[Result "1-0"]
[WhiteElo "2485"]
[BlackElo "2200"]

1.d4 Nf6 2.Nf3 g6 3.c4 Bg7 4.Nc3 O-O 5.e4 d6 6.Be2 e5 7.O-O Nbd7 8.Re1 exd4
9.Nxd4 Nc5 10.Bf1 Re8 11.f3 c6 12.Be3 Ne6 13.Nc2 Nc7 14.Qd2 d5 15.Rad1 Be6
16.exd5 cxd5 17.c5 Nd7 18.Bd4 Qh4 19.Nb5 Nxb5 20.Bxb5 Red8 21.Bxg7 Kxg7 22.Bxd7 Rxd7
23.Nd4 Qf6 24.Re3 h5 25.Rde1 Re8 26.Re5 Rde7 27.Qe3 h4 28.Kf1 h3 29.g3 Rc8
30.g4 Ree8 31.g5 Qe7 32.b4 Qd7 33.Qf4 Bf5 34.Nxf5+ gxf5 35.Qxf5 Qc6 36.Qf6+  1-0

[Event "URS-FL"]
[Site "Tallinn"]
[Date "1983.??.??"]
[Round "?"]
[White "Makarichev, Sergey"]
[Black "Podgaets, Mikhail"]
[Result "1/2-1/2"]
[WhiteElo "2510"]
[BlackElo "2450"]

1.c4 Nf6 2.Nc3 g6 3.e4 d6 4.d4 Bg7 5.Be2 O-O 6.Nf3 e5 7.Be3 Ng4 8.Bg5 f6
9.Bc1 Nc6 10.O-O exd4 11.Nxd4 Nxd4 12.Qxd4 f5 13.Qd5+ Kh8 14.Bxg4 fxg4 15.Be3 c6
16.Qd3 Be5 17.Bd4 Qf6 18.Rad1 Be6 19.b3 Rad8 20.Rd2 Rd7 21.Qe3 Kg8 22.Bxe5 Qxe5
23.Rd3 a6 24.Rfd1 b5 25.c5 Rfd8 26.cxd6 Rxd6 27.Rxd6 Rxd6 28.Rxd6 Qxd6 29.e5 Qd8
30.b4 a5  1/2-1/2

[Event "Tbilisi"]
[Site "Tbilisi"]
[Date "1983.??.??"]
[Round "?"]
[White "Adamski, Jan"]
[Black "Zaichik, Gennadi"]
[Result "1/2-1/2"]
[WhiteElo "2450"]
[BlackElo "2480"]

1.d4 d6 2.Nf3 g6 3.c4 Bg7 4.Nc3 Nf6 5.e4 O-O 6.Be2 e5 7.Be3 Nbd7 8.O-O c6
9.d5 c5 10.Ne1 Ne8 11.Nd3 f5 12.f4  1/2-1/2

[Event "Tilburg"]
[Site "Tilburg"]
[Date "1983.??.??"]
[Round "?"]
[White "Sosonko, Gennadi"]
[Black "Vaganian, Rafael A"]
[Result "1/2-1/2"]
[WhiteElo "2575"]
[BlackElo "2620"]

1.d4 Nf6 2.c4 g6 3.Nc3 Bg7 4.e4 d6 5.Nf3 O-O 6.Be2 e5 7.O-O exd4 8.Nxd4 Re8
9.f3 c6 10.Kh1 Na6 11.Nb3 Nc7 12.Bf4 d5 13.cxd5 cxd5 14.Rc1 Ne6 15.Be3 dxe4
16.fxe4 Qxd1 17.Rfxd1 Nf8 18.Bf3 Ng4 19.Bg1 Ne5 20.Nd5 Ne6 21.Nc5 Nxf3 22.gxf3 Bxb2
23.Rb1 Be5 24.Nxb7 a5 25.Nd6 Ba6 26.Nxe8 Be2 27.Kg2 Bxd1 28.Nef6+ Bxf6 29.Nxf6+  1/2-1/2

[Event "Trnava"]
[Site "Trnava"]
[Date "1983.??.??"]
[Round "?"]
[White "Schmidt, Wlodzimierz"]
[Black "Knaak, Rainer"]
[Result "1-0"]
[WhiteElo "2450"]
[BlackElo "2505"]

1.d4 Nf6 2.c4 d6 3.Nc3 Nbd7 4.Nf3 g6 5.e4 e5 6.Be2 Bg7 7.O-O O-O 8.Be3 c6
9.Qc2 Ng4 10.Bg5 f6 11.Bh4 h5 12.h3 Nh6 13.dxe5 dxe5 14.b4 Re8 15.Rfd1 Qe7
16.c5 Nf8 17.Nd2 Ne6 18.Bc4 Kh8 19.Nb3 Rg8 20.f3 Nf7 21.Ne2 Bh6 22.Na5 Be3+
23.Kf1 Bg5 24.Bf2 a6 25.Qb3 Rb8 26.h4 Bh6 27.Rd3 Rf8 28.Rad1 f5 29.Nc3 Nd4
30.Qb2 Bg7 31.Nb3 Nb5 32.Nd2 Be6 33.Bxe6 Qxe6 34.Qb3 Qe7 35.Ne2 Rbd8 36.exf5 gxf5
37.Ng3 Rxd3 38.Qxd3 Nh6 39.Nxh5 e4 40.fxe4 fxe4 41.Nxe4 Bd4 42.g3 Bxf2 43.Nxf2 Ng4
44.Nf4 Ne3+ 45.Kg1 Rg8 46.Ng6+  1-0

[Event "Trnava"]
[Site "Trnava"]
[Date "1983.??.??"]
[Round "?"]
[White "Knezevic, Milorad"]
[Black "Knaak, Rainer"]
[Result "1-0"]
[WhiteElo "2440"]
[BlackElo "2505"]

1.d4 Nf6 2.c4 d6 3.Nc3 Nbd7 4.Nf3 g6 5.e4 e5 6.Be2 Bg7 7.O-O O-O 8.Bg5 h6
9.Bh4 c6 10.d5 cxd5 11.cxd5 g5 12.Bg3 Nh5 13.Nd2 Nf4 14.Nc4 Nb6 15.Ne3 Bd7
16.Bb5 Rc8 17.Bxd7 Qxd7 18.Nf5 Nc4 19.b3 Nb2 20.Qd2 Rxc3 21.Bxf4 Rfc8 22.Be3 Rc2
23.Qa5 b6 24.Qa6 R8c3 25.Rac1 Qc7 26.Rxc2 Rxc2 27.Qb5 Kf8 28.h3 Bf6 29.Nxh6 Be7
30.Nf5 f6 31.h4 gxh4 32.Nxh4 Qc8 33.Nf5 Qe8 34.Qa6 Qd7 35.Rc1 Qc7 36.Rxc2 Qxc2
37.Qxa7 Qd1+ 38.Kh2 Qh5+ 39.Kg3 Qg6+ 40.Kh4  1-0

[Event "Trnava"]
[Site "Trnava"]
[Date "1983.??.??"]
[Round "?"]
[White "Ftacnik, Lubomir"]
[Black "Vogt, Lothar"]
[Result "1-0"]
[WhiteElo "2560"]
[BlackElo "2510"]

1.d4 Nf6 2.c4 g6 3.Nc3 Bg7 4.e4 d6 5.Nf3 O-O 6.Be2 e5 7.O-O Nbd7 8.Qc2 c6
9.Bg5 h6 10.Bh4 g5 11.dxe5 dxe5 12.Bg3 Nh5 13.Nd1 Nf4 14.Ne3 Nf6 15.Rfe1 Nxe4
16.Qxe4 Nxe2+ 17.Rxe2 f5 18.Qc2 f4 19.c5 Qf6 20.Rd1 Be6 21.Rd6 Qf7 22.Nc4 Bxc4
23.Nxe5 Bxe5 24.Rxe5 Kg7 25.Bxf4 gxf4 26.Qc3 Kh7 27.b3 Rae8 28.Rxe8 Rxe8
29.bxc4 Qf5 30.h3 Rf8 31.Qd4 Rf7 32.Rd8 Rg7 33.Qd3 Qxd3 34.Rxd3 Rg5 35.Rf3 Rxc5
36.Rxf4 Kg6 37.Re4 Ra5 38.Re7 b6 39.Re6+ Kg5 40.Rxc6 h5 41.h4+ Kxh4 42.Rg6 Rxa2
43.f4  1-0

[Event "Trnava"]
[Site "Trnava"]
[Date "1983.??.??"]
[Round "?"]
[White "Ftacnik, Lubomir"]
[Black "Knaak, Rainer"]
[Result "1-0"]
[WhiteElo "2560"]
[BlackElo "2505"]

1.d4 Nf6 2.c4 d6 3.Nf3 g6 4.Nc3 Bg7 5.e4 O-O 6.Be2 Nbd7 7.O-O e5 8.Qc2 exd4
9.Nxd4 Re8 10.Be3 Nc5 11.f3 a5 12.Rad1 Bd7 13.Ndb5 Qc8 14.Rfe1 Bc6 15.Bf1 Nfd7
16.h3 Be5 17.Qf2 Bxb5 18.Nxb5 Qb8 19.Bxc5 Nxc5 20.f4 Bg7 21.e5 Bf8 22.exd6 Bxd6
23.Nxd6 cxd6 24.f5 Qc7 25.Qd4 Rxe1 26.Rxe1 Nd7 27.Rd1 Ra6 28.c5 Ra8 29.cxd6 Qc5
30.Qxc5 Nxc5 31.Rd5 b6 32.Bb5 Rd8 33.d7 gxf5 34.Rd6 Kf8 35.Rxb6 Ke7 36.Rc6 Nxd7
37.Rc7 Ke6 38.Bxd7+ Rxd7 39.Rxd7 Kxd7 40.Kf2 Kd6 41.b3 Kc5 42.a3 Kd4 43.Kf3 Kc3
44.b4 axb4 45.axb4 Kxb4  1-0